000
00251nam a2200097Ia 4500
008
220204s9999 xx 000 0 und d
082
_a
339.32(540)
_b
IND
245
0
_a
Estimate for national income 1948-49 to 1961-62
260
_a
CSIO
_c
1963
942
_c
BK
999
_c
19293
_d
19293